Most Visited Countries by the Czech - Statistics

General Stats
  • This quiz has been taken 1,437 times
  • The average score is 4 of 5
Answer Stats
No.tourists Destination % Correct
940,938 Slovakia
92%
552,528 Italy
89%
567,909 Austria
87%
784,864 Croatia
74%
291,385 Greece
67%
No matching quizzes found
Score Distribution
Percent of People with Each Score
Percentile by Number Answered
Your Score History
You have not taken this quiz